CZĘŚCI CIAŁA, KTÓRE NAJCZĘŚCIEJ NAS BOLĄ - Statystyki

Ogólne statystyki
  • Ten quiz został rozwiązany 853 razy
    261 od ostatniego zresetowania
  • Średni wynik to 5 z 7
Statystyki odpowiedzi
Odpowiedź % Poprawnych
GŁOWA
100%
BRZUCH
90%
PLECY
78%
NOGI
75%
RĘCE
72%
KOLANA
41%
PUPA
18%
Nie znaleziono quizów pasujących do podanych kryteriów
Rozkład punktacji
Procent ludzi z każdym wynikiem
Percentyl według liczby udzielonych odpowiedzi
Twoja historia wyników
Nie rozwiązałeś tego quizu od ostatniego zresetowania